<?xml version="1.0" encoding="UTF-8"?>
<record
    xmlns:xsi="http://www.w3.org/2001/XMLSchema-instance"
    xsi:schemaLocation="http://www.loc.gov/MARC21/slim http://www.loc.gov/standards/marcxml/schema/MARC21slim.xsd"
    xmlns="http://www.loc.gov/MARC21/slim">

  <leader>01739fam a2200433 a 4500</leader>
  <controlfield tag="001">1927451</controlfield>
  <controlfield tag="003">000013</controlfield>
  <controlfield tag="005">20220326193245.0</controlfield>
  <controlfield tag="008">960531s1996    mnu      b    001 0 eng  </controlfield>
  <datafield tag="010" ind1=" " ind2=" ">
    <subfield code="a">   96009276 </subfield>
  </datafield>
  <datafield tag="020" ind1=" " ind2=" ">
    <subfield code="a">0816627924</subfield>
  </datafield>
  <datafield tag="020" ind1=" " ind2=" ">
    <subfield code="a">0816627932 (pbk.)</subfield>
  </datafield>
  <datafield tag="024" ind1="3" ind2="0">
    <subfield code="a">9780816627936</subfield>
    <subfield code="d">90000</subfield>
  </datafield>
  <datafield tag="035" ind1=" " ind2=" ">
    <subfield code="a">(OCoLC)34894343</subfield>
  </datafield>
  <datafield tag="035" ind1=" " ind2=" ">
    <subfield code="a">(OCoLC)ocm34894343</subfield>
  </datafield>
  <datafield tag="035" ind1=" " ind2=" ">
    <subfield code="a">(NNC)1927451</subfield>
  </datafield>
  <datafield tag="040" ind1=" " ind2=" ">
    <subfield code="a">DLC</subfield>
    <subfield code="c">DLC</subfield>
    <subfield code="d">NNC</subfield>
    <subfield code="d">OrLoB-B</subfield>
  </datafield>
  <datafield tag="050" ind1="0" ind2="0">
    <subfield code="a">HM101</subfield>
    <subfield code="b">.A644 1996</subfield>
  </datafield>
  <datafield tag="082" ind1="0" ind2="0">
    <subfield code="a">306</subfield>
    <subfield code="b">AP646m</subfield>
    <subfield code="2">20</subfield>
  </datafield>
  <datafield tag="100" ind1="1" ind2=" ">
    <subfield code="a">Appadurai, Arjun,</subfield>
    <subfield code="d">1949-</subfield>
    <subfield code="9">110</subfield>
  </datafield>
  <datafield tag="245" ind1="1" ind2="0">
    <subfield code="a">Modernity at large :</subfield>
    <subfield code="b">cultural dimensions of globalization /</subfield>
    <subfield code="c">Arjun Appadurai.</subfield>
  </datafield>
  <datafield tag="260" ind1=" " ind2=" ">
    <subfield code="a">Minneapolis :</subfield>
    <subfield code="b">University of Minnesota Press,</subfield>
    <subfield code="c">c1996.</subfield>
  </datafield>
  <datafield tag="300" ind1=" " ind2=" ">
    <subfield code="a">xi, 229 p. ;</subfield>
    <subfield code="c">23 cm.</subfield>
  </datafield>
  <datafield tag="490" ind1="1" ind2=" ">
    <subfield code="a">Public worlds ;</subfield>
    <subfield code="v">v. 1</subfield>
  </datafield>
  <datafield tag="504" ind1=" " ind2=" ">
    <subfield code="a">Includes bibliographical references and index.</subfield>
  </datafield>
  <datafield tag="505" ind1="0" ind2="0">
    <subfield code="g">1.</subfield>
    <subfield code="t">Here and Now --</subfield>
    <subfield code="g">2.</subfield>
    <subfield code="t">Disjuncture and Difference in the Global Cultural Economy --</subfield>
    <subfield code="g">3.</subfield>
    <subfield code="t">Global Ethnoscapes: Notes and Queries for a Transnational Anthropology --</subfield>
    <subfield code="g">4.</subfield>
    <subfield code="t">Consumption, Duration, and History --</subfield>
    <subfield code="g">5.</subfield>
    <subfield code="t">Playing with Modernity: The Decolonization of Indian Cricket --</subfield>
    <subfield code="g">6.</subfield>
    <subfield code="t">Number in the Colonial Imagination --</subfield>
    <subfield code="g">7.</subfield>
    <subfield code="t">Life after Primordialism --</subfield>
    <subfield code="g">8.</subfield>
    <subfield code="t">Patriotism and Its Futures --</subfield>
    <subfield code="g">9.</subfield>
    <subfield code="t">The Production of Locality.</subfield>
  </datafield>
  <datafield tag="600" ind1=" " ind2=" ">
    <subfield code="a">Arjun Appadurai</subfield>
    <subfield code="9">111</subfield>
  </datafield>
  <datafield tag="650" ind1=" " ind2="0">
    <subfield code="a">Culture.</subfield>
    <subfield code="9">112</subfield>
  </datafield>
  <datafield tag="650" ind1=" " ind2="0">
    <subfield code="a">Cultura</subfield>
    <subfield code="9">113</subfield>
  </datafield>
  <datafield tag="650" ind1=" " ind2="0">
    <subfield code="a">Civilization, Modern</subfield>
    <subfield code="y">1950-</subfield>
    <subfield code="9">114</subfield>
  </datafield>
  <datafield tag="650" ind1=" " ind2="0">
    <subfield code="a">Civilizaci&#xF3;n moderna</subfield>
    <subfield code="9">115</subfield>
  </datafield>
  <datafield tag="650" ind1=" " ind2="0">
    <subfield code="a">Ethnicity.</subfield>
    <subfield code="9">116</subfield>
  </datafield>
  <datafield tag="650" ind1=" " ind2="0">
    <subfield code="a">Etnolog&#xED;a</subfield>
    <subfield code="9">117</subfield>
  </datafield>
  <datafield tag="650" ind1=" " ind2="0">
    <subfield code="a">Mass media</subfield>
    <subfield code="x">Social aspects.</subfield>
    <subfield code="9">118</subfield>
  </datafield>
  <datafield tag="650" ind1=" " ind2="0">
    <subfield code="a">Medios de comunicaci&#xF3;n</subfield>
    <subfield code="9">119</subfield>
  </datafield>
  <datafield tag="830" ind1=" " ind2="0">
    <subfield code="a">Public worlds ;</subfield>
    <subfield code="v">v. 1.</subfield>
    <subfield code="9">120</subfield>
  </datafield>
  <datafield tag="900" ind1=" " ind2=" ">
    <subfield code="b">TOC</subfield>
  </datafield>
  <datafield tag="948" ind1="2" ind2=" ">
    <subfield code="a">20060410</subfield>
    <subfield code="b">a</subfield>
    <subfield code="c">rad1</subfield>
    <subfield code="d">MPS</subfield>
  </datafield>
  <datafield tag="999" ind1=" " ind2=" ">
    <subfield code="c">18</subfield>
    <subfield code="d">18</subfield>
  </datafield>
  <datafield tag="952" ind1=" " ind2=" ">
    <subfield code="0">0</subfield>
    <subfield code="1">0</subfield>
    <subfield code="2">ddc</subfield>
    <subfield code="4">0</subfield>
    <subfield code="7">0</subfield>
    <subfield code="a">LV</subfield>
    <subfield code="b">LV</subfield>
    <subfield code="c">Pensamiento</subfield>
    <subfield code="d">2014-02-14</subfield>
    <subfield code="l">0</subfield>
    <subfield code="o">306 AP646m</subfield>
    <subfield code="p">000013</subfield>
    <subfield code="r">2014-02-14 00:00:00</subfield>
    <subfield code="w">2014-02-14</subfield>
    <subfield code="y">01</subfield>
  </datafield>
</record>
